Detalles MARC
| 000 -LEADER |
| campo de control de longitud fija |
02056nam a2200349 i 4500 |
| 003 - IDENTIFICADOR DE NÚMERO DE CONTROL |
| campo de control |
peliumch |
| 005 - FECHA Y HORA DE LA ÚLTIMA TRANSACCIÓN |
| campo de control |
20260313143054.0 |
| 007 - CAMPO FIJO DE DESCRIPCIÓN FÍSICA--INFORMACIÓN GENERAL |
| campo de control de longitud fija |
ta |
| 008 - DATOS DE LONGITUD FIJA--INFORMACIÓN GENERAL |
| campo de control de longitud fija |
260313b |||||||| |||| 00| 0 eng d |
| 020 ## - NÚMERO INTERNACIONAL ESTÁNDAR DEL LIBRO |
| Número Internacional Estándar del Libro |
9788484600435 |
| 040 ## - FUENTE DE CATALOGACIÓN |
| Centro catalogador/agencia de origen |
UMCH |
| Lengua de catalogación |
spa |
| Centro/agencia transcriptor |
UMCH |
| Centro/agencia modificador |
jmr |
| Normas de descripción |
rda |
| 041 0# - CÓDIGO DE IDIOMA |
| Código de lengua del texto/banda sonora o título independiente |
spa |
| 043 ## - CÓDIGO DE ÁREA GEOGRÁFICA |
| Código de área geográfica |
s-pe--- |
| 082 04 - NÚMERO DE LA CLASIFICACIÓN DECIMAL DEWEY |
| Número de clasificación |
371.22/V27 |
| 100 1# - ENTRADA PRINCIPAL--NOMBRE DE PERSONA |
| Nombre de persona |
Vallejo-Nagera, Alejandra |
| 245 ## - MENCIÓN DEL TÍTULO |
| Título |
Hijos de padres separados : |
| Resto del título |
consejos para recuperar la armonía y el respeto ante un nuevo futuro |
| 250 ## - MENCION DE EDICION |
| Mención de edición |
Primera edición |
| 264 #1 - PRODUCCIÓN, PUBLICACIÓN, DISTRIBUCIÓN, FABRICACIÓN Y COPYRIGHT |
| Producción, publicación, distribución, fabricación y copyright |
Madrid : |
| Nombre del de productor, editor, distribuidor, fabricante |
Temas de Hoy, |
| Fecha de producción, publicación, distribución, fabricación o copyright |
1995 |
| 264 #4 - PRODUCCIÓN, PUBLICACIÓN, DISTRIBUCIÓN, FABRICACIÓN Y COPYRIGHT |
| Fecha de producción, publicación, distribución, fabricación o copyright |
©1995 |
| 300 ## - DESCRIPCIÓN FÍSICA |
| Extensión |
191 Páginas ; |
| Otras características físicas |
il |
| Dimensiones |
23 cm |
| 500 ## - NOTA GENERAL |
| Nota general |
La autora abre una nueva línea de comunicación, desde el niño a sus padres, cuyo fin es establecer una relación familiar basada en el amor y el respeto mutuo. |
| 505 ## - NOTA DE CONTENIDO CON FORMATO |
| Información miscelánea |
I. |
| Título |
Nota a los padres-- |
| Información miscelánea |
II. |
| Título |
Afrontar el problema-- |
| Información miscelánea |
III. |
| Título |
¿Quién tiene la culpa?-- |
| Información miscelánea |
IV. |
| Título |
El miedo a quedarse solo-- |
| Información miscelánea |
V: |
| Título |
El amor de los padres por los hijos-- |
| Información miscelánea |
VI: |
| Título |
Tu madre y tú-- |
| Información miscelánea |
VII: |
| Título |
Tu padre y tú-- |
| Información miscelánea |
VIII: |
| Título |
El niño espía-- |
| Información miscelánea |
IX: |
| Título |
Agresividad: Arrebatos y pataletas-- |
| Información miscelánea |
X: |
| Título |
¡Mamá tiene un nuevo marido!-- |
| Información miscelánea |
XI: |
| Título |
¡Mi padre tiene nueva esposa!-- |
| Información miscelánea |
XII: |
| Título |
El colegio y tú-- |
| Información miscelánea |
XIII: |
| Título |
Niños que necesitan la ayuda de un psicologo. |
| 520 ## - RESUMEN, ETC. |
| Sumario, etc. |
Con sencillez y sentido común, la autora analiza las diversas consecuencias de toda ruptura matrimonial: los niños que no ven a su padre, el miedo a quedarse solos, las mentiras, los motivos que hacen necesaria la ayuda de un psicólogo, la convivencia con las nuevas parejas...y ofrece claros consejos para evitar que los hijos sufran las repercusiones negativas de la separación, fundamentalmente basados en la importancia de una buena comunicación. |
| 521 ## - NOTA DE PÚBLICO DESTINATARIO |
| Nota de público destinatario |
Recomendado para un público en general. |
| 650 14 - PUNTO DE ACCESO ADICIONAL DE MATERIA--TÉRMINO DE MATERIA |
| Término de materia o nombre geográfico como elemento de entrada |
Disolucion del Matrimonio |
| 650 14 - PUNTO DE ACCESO ADICIONAL DE MATERIA--TÉRMINO DE MATERIA |
| Término de materia o nombre geográfico como elemento de entrada |
Relaciones Padres-Hijos |
| 942 ## - ELEMENTOS DE ENTRADA SECUNDARIOS (KOHA) |
| Fuente del sistema de clasificación o colocación |
Clasificación Decimal Dewey |
| Tipo de ítem Koha |
Libros |
| Suprimir en OPAC |
No |